The training of the twelve / (Record no. 417)
[ view plain ]
| 000 -LEADER | |
|---|---|
| fixed length control field | 00870cam a2200277 a 4500 |
| 001 - CONTROL NUMBER | |
| control field | 17475 |
| 003 - CONTROL NUMBER IDENTIFIER | |
| control field | GBCCL |
| 005 - DATE AND TIME OF LATEST TRANSACTION | |
| control field | 20241126110337.0 |
| 008 - FIXED-LENGTH DATA ELEMENTS--GENERAL INFORMATION | |
| fixed length control field | 710716r19711894miu b 001 0ceng |
| 010 ## - | |
| -- | 73129738 |
| 020 ## - INTERNATIONAL STANDARD BOOK NUMBER | |
| Canceled/invalid ISBN | 082542212X |
| 035 ## - SYSTEM CONTROL NUMBER | |
| System control number | (OCoLC)00151518 |
| 040 ## - CATALOGING SOURCE | |
| Original cataloging agency | DLC |
| Transcribing agency | DLC |
| Modifying agency | OCL |
| -- | m.c. |
| -- | LBB |
| 049 ## - | |
| -- | LBBK |
| -- | LBBC |
| -- | LBBA |
| -- | 1-2 |
| 050 00 - | |
| -- | BS2440 |
| -- | .B7 1971 |
| 082 0# - DEWEY DECIMAL CLASSIFICATION NUMBER | |
| Classification number | 232.95 |
| Item number | BRU |
| 100 1# - MAIN ENTRY--PERSONAL NAME | |
| Personal name | Bruce, Alexander Balmain, |
| Dates associated with a name | 1831-1899. |
| 9 (RLIN) | 591 |
| 245 14 - TITLE STATEMENT | |
| Title | The training of the twelve / |
| Statement of responsibility, etc. | by A. B. Bruce. |
| 260 ## - PUBLICATION, DISTRIBUTION, ETC. | |
| Place of publication, distribution, etc. | Grand Rapids, Mich. : |
| Name of publisher, distributor, etc. | Kregel Publications, |
| Date of publication, distribution, etc. | c1971. |
| 300 ## - PHYSICAL DESCRIPTION | |
| Extent | xiv, 552 p. ; |
| Dimensions | 23 cm. |
| 440 #0 - SERIES STATEMENT/ADDED ENTRY--TITLE | |
| Title | Kregel reprint library |
| 9 (RLIN) | 592 |
| 500 ## - GENERAL NOTE | |
| General note | Reprint of 4th ed., rev. and improved, 1894 by A.C. Armstrong & Son. |
| 504 ## - BIBLIOGRAPHY, ETC. NOTE | |
| Bibliography, etc. note | Includes bibliographical references and index. |
| 650 #0 - SUBJECT ADDED ENTRY--TOPICAL TERM | |
| Topical term or geographic name entry element | Apostles. |
| 9 (RLIN) | 593 |
| 942 ## - ADDED ENTRY ELEMENTS (KOHA) | |
| Source of classification or shelving scheme | Dewey Decimal Classification |
| Koha item type | Books |
| Withdrawn status | Lost status | Source of classification or shelving scheme | Damaged status | Not for loan | Home library | Current Library | Shelving location | Date acquired | Total checkouts | Full call number | Barcode | Date last seen | Copy number | Price effective from | Koha item type |
|---|---|---|---|---|---|---|---|---|---|---|---|---|---|---|---|
| Dewey Decimal Classification | GRACE BIBLE COLLEGE | GRACE BIBLE COLLEGE | Theology | 2016-10-26 | 232.95 BRU | 000484 | 2025-05-01 | c.1 | 2016-10-26 | Books | |||||
| Dewey Decimal Classification | GRACE BIBLE COLLEGE | GRACE BIBLE COLLEGE | Theology | 2017-03-23 | 232.95 BRU | 007369 | 2025-05-01 | c.2 | 2017-03-23 | Books | |||||
| Dewey Decimal Classification | GRACE BIBLE COLLEGE | GRACE BIBLE COLLEGE | Theology | 2026-02-19 | 232.95 BRU | 017426 | 2026-02-19 | c.3 | 2026-02-19 | Books |